| 000 | 00515cam a2200205ua 4500 | ||
|---|---|---|---|
| 020 | _c95.00 | ||
| 041 |
_aeng _h |
||
| 082 |
_a621.374 _bRAJ/EL |
||
| 100 | _aRajendra, Prasad . | ||
| 245 |
_aElectrical measurements and measuring instruments / _cRajendra Prasad. _hTextual Documents |
||
| 250 |
_a3 / _b. |
||
| 260 |
_aDelhi : _bKhanna publishers , _c1997. |
||
| 300 | _a970 ; . | ||
| 365 | _a95.00 | ||
| 500 | _a*CSS | ||
| 504 | _a | ||
| 942 | _cBK | ||
| 999 |
_c10364 _d10364 |
||